[Event "Caracas FVA 80th Ann"]
[Site "Caracas"]
[Date "2015.12.18"]
[Round "6"]
[White "Simancas Maradei, Miguel Alejandro"]
[Black "Romero Barreto, Jaime Jose"]
[Result "1-0"]
[WhiteElo "2002"]
[BlackElo "2242"]
[PlyCount "60"]
[EventDate "2015.12.16"]
[EventType "swiss"]
[EventRounds "8"]
[EventCountry "VEN"]
[SourceTitle "EXT 2018"]
[Source "ChessBase"]
[SourceDate "2017.10.13"]
[SourceVersion "1"]
[SourceVersionDate "2017.10.13"]
[SourceQuality "1"]

1. d4 Nf6 2. c4 d6 3. Nc3 e5 4. d5 g6 5. e4 Bg7 6. Be2 0-0 7. Bg5 h6 8. Be3 Na6 9. Qd2 Kh7 10. h4 Ne8 11. g4 c6 12. Nh3 Nac7 13. 0-0-0 cxd5 14. cxd5 Bd7 15. Kb1 b5 16. Rdg1 b4 17. Nd1 a5 18. h5 Rh8 19. g5 Qc8 20. gxh6 Bf6 21. hxg6+ fxg6 22. Ng5+ Bxg5 23. Bxg5 Nb5 24. Bxb5 Bxb5 25. f4 Qc4 26. Nf2 Qe2 27. Qxe2 Bxe2 28. fxe5 dxe5 29. Re1 Bb5 30. Ng4 Nd6 1-0

[Event "Caracas FVA 80th Ann"]
[Site "Caracas"]
[Date "2015.12.17"]
[Round "3"]
[White "Brizuela Abreu, Reivis Gabriel"]
[Black "Simancas Maradei, Miguel Alejandro"]
[Result "1-0"]
[WhiteElo "2238"]
[BlackElo "2002"]
[PlyCount "43"]
[EventDate "2015.12.16"]
[EventType "swiss"]
[EventRounds "8"]
[EventCountry "VEN"]
[SourceTitle "EXT 2018"]
[Source "ChessBase"]
[SourceDate "2017.10.13"]
[SourceVersion "1"]
[SourceVersionDate "2017.10.13"]
[SourceQuality "1"]

1. d4 d5 2. c4 c6 3. cxd5 cxd5 4. Nc3 Nf6 5. Bf4 a6 6. e3 g6 7. Bd3 Bg7 8. h3 Nc6 9. Nf3 0-0 10. 0-0 b5 11. Rc1 Qb6 12. Ne5 Bb7 13. Qb3 Rfd8 14. Na4 Qa7 15. Nxc6 bxa4 16. Qxa4 Bxc6 17. Rxc6 a5 18. Rfc1 e6 19. Bc7 Rdc8 20. Bxa5 Rxc6 21. Rxc6 Bf8 22. b4 1-0

[Event "Central America Carribean-ch U20"]
[Site "Porlamar"]
[Date "2015.08.28"]
[Round "9"]
[White "Mata Alfaro, Yeshua David"]
[Black "Simancas Maradei, Miguel Alejandro"]
[Result "0-1"]
[WhiteElo "1484"]
[BlackElo "2021"]
[PlyCount "50"]
[EventDate "2015.08.22"]
[EventType "swiss"]
[EventRounds "9"]
[EventCountry "VEN"]
[SourceTitle "EXT 2018"]
[Source "ChessBase"]
[SourceDate "2017.10.13"]
[SourceVersion "1"]
[SourceVersionDate "2017.10.13"]
[SourceQuality "1"]

1. e4 d5 2. exd5 Qxd5 3. Nc3 Qd6 4. d4 Nf6 5. Nf3 g6 6. Bc4 Bg7 7. Be3 a6 8. 0-0 b5 9. Bb3 0-0 10. Qd2 Bb7 11. d5 b4 12. Na4 Nxd5 13. Bc5 Qd7 14. Rad1 Rd8 15. Bxb4 Nxb4 16. Qxb4 Qxd1 17. Rxd1 Rxd1+ 18. Ne1 Nc6 19. Qe4 Nd4 20. Qxe7 Nxb3 21. axb3 Bc6 22. Qb4 Re8 23. Kf1 Rexe1+ 24. Qxe1 Rxe1+ 25. Kxe1 Bxa4 0-1

[Event "Caracas IRT Cadettes 1er"]
[Site "Caracas"]
[Date "2013.07.13"]
[Round "3.1"]
[White "Choez Castellanos, Leyser Eduard"]
[Black "Simancas Maradei, Miguel Alejandro"]
[Result "1/2-1/2"]
[WhiteElo "1800"]
[BlackElo "1938"]
[PlyCount "90"]
[EventDate "2013.07.12"]
[EventType "swiss"]
[EventRounds "6"]
[EventCountry "VEN"]
[SourceTitle "EXT 2022"]
[Source "ChessBase"]
[SourceDate "2021.10.06"]
[SourceVersion "1"]
[SourceVersionDate "2021.10.06"]
[SourceQuality "1"]

1. e4 c5 2. Nc3 d6 3. g3 Nf6 4. Bg2 a6 5. d3 e6 6. Nh3 Be7 7. 0-0 Nc6 8. f4 Bd7 9. Be3 Qc7 10. a3 h5 11. Qf3 Ng4 12. f5 Nxe3 13. Qxe3 Nd4 14. fxe6 fxe6 15. Qd2 0-0-0 16. b4 Bf6 17. Rab1 cxb4 18. Rxb4 Nc6 19. Rbb1 Qa5 20. e5 Bxe5 21. Ne4 Qxd2 22. Nxd2 d5 23. c4 Bf6 24. Nf4 Bd4+ 25. Kh1 g5 26. cxd5 exd5 27. Nxd5 h4 28. gxh4 gxh4 29. Rf7 h3 30. Be4 Rdf8 31. Nc4 b5 32. Ncb6+ Bxb6 33. Nxb6+ Kc7 34. Rxf8 Rxf8 35. Nd5+ Kd6 36. Rc1 Ne5 37. Ne3 Rg8 38. Nf5+ Bxf5 39. Bxf5 Ng4 40. Rf1 Ne3 41. Rf3 Nxf5 42. Rxf5 Rc8 43. Kg1 Rc3 44. Rf6+ Kc5 45. Rxa6 Rxd3 1/2-1/2